[Event "Challenge"]
[Site "http://www.queenalice.com/game.php?id=328626"]
[Date "2007.12.31"]
[Round "-"]
[White "Clarck"]
[Black "REIUSFENIX"]
[Result "1-0"]
[WhiteElo "1198"]
[BlackElo "1515"]

1. Nf3 e5 2. Nxe5 d6 3. Nf3 Nc6 4. Nc3 Bf5 5. e4 Bg6 6. d3 Nf6 7. a4 a5 8. b3
Be7 9. Bd2 b6 10. g3 Nb4 11. h4 Bh5 12. Be2 d5 13. Nb5 Rc8 14. c3 Nc6 15. Nfd4
Nxd4 16. Bxh5 g6 17. Nxd4 gxh5 18. Bf4 c5 19. Nc6 Rxc6 20. exd5 Qxd5 21. f3 O-O
22. c4 Qe6+ 23. Qe2 Qd7 24. Bg5 Rd6 25. Rd1 Rd8 26. Qe5 Rxd3 27. Qe2 Qf5 28. g4
Qd7 29. Rxd3 Qc8 30. Qxe7 Re8 31. Qe3 Rxe3+ 32. Rxe3 Nd7 33. O-O Qc7 34. Rd1
Qg3+ 35. Kf1 Ne5 36. Bf6 Nxf3 37. Re8# 1-0

[Event "Challenge"]
[Site "http://www.queenalice.com/game.php?id=329896"]
[Date "2008.1.3"]
[Round "-"]
[White "Clarck"]
[Black "renatalelis"]
[Result "0-1"]
[WhiteElo "1216"]
[BlackElo "1340"]

1. a4 e6 2. b3 Qf6 3. c3 b6 4. Nf3 g6 5. d4 Bh6 6. Bxh6 Nxh6 7. Ne5 d6 8. Nf3 e5
9. e3 Ba6 10. Bxa6 Nxa6 11. g4 Nxg4 12. h3 e4 13. Nh2 Qxf2# 0-1

[Event "Challenge"]
[Site "http://www.queenalice.com/game.php?id=332423"]
[Date "2008.1.7"]
[Round "-"]
[White "Clarck"]
[Black "renatalelis"]
[Result "1-0"]
[WhiteElo "1374"]
[BlackElo "1173"]

1. e3 b6 2. g3 g6 3. h4 Bb7 4. f3 e5 5. b3 f5 6. g4 h5 7. gxh5 gxh5 8. Bb2 c5 9.
f4 d6 10. fxe5 dxe5 11. Bxe5 Qe7 12. Bxh8 Bxh1 13. Qxh5+ Kd7 14. Bb5+ Kc7 15.
Qxf5 a6 16. Be5+ Kb7 17. Bf6 Nxf6 18. Nc3 axb5 19. Nxb5 Kc6 20. Nc3 Na6 21. Nge2
Nb4 22. O-O-O Bf3 23. Rf1 Bxe2 24. Rf2 Ba6 25. a4 Na2+ 26. Nxa2 b5 27. Qxf6+ Kd7
28. axb5 Bxb5 29. Kb1 c4 30. Nc3 Bc6 31. bxc4 Rb8+ 32. Kc1 Qa3+ 33. Kd1 Qa1+ 34.
Ke2 Qa6 35. d3 Be7 36. Qf7 Qa2 37. Nxa2 1-0

[Event "Challenge"]
[Site "http://www.queenalice.com/game.php?id=332429"]
[Date "2008.1.7"]
[Round "-"]
[White "renatalelis"]
[Black "Clarck"]
[Result "0-1"]
[WhiteElo "1182"]
[BlackElo "1365"]

1. e3 e6 2. g3 g6 3. b3 c6 4. Bb2 f6 5. c4 f5 6. b4 b5 7. Bxh8 Be7 8. cxb5 Bf6
9. f3 Bxa1 10. Bxa1 cxb5 11. Qc2 Bb7 12. Bxb5 a6 13. Be2 Nc6 14. g4 Nxb4 15. Qb2
a5 16. a3 Nd5 17. Qxb7 Rb8 18. Qa6 Rxb1+ 19. Kf2 Rxa1 20. gxf5 gxf5 21. Bb5 Qb6
22. a4 f4 23. h4 Nb4 24. Qxb6 Nd5 25. Qb8+ Kf7 26. Nh3 Rxh1 27. Ng5+ Kg7 28.
Bxd7 Rh2+ 29. Kg1 Rxd2 30. Nxe6+ Kf6 31. Qxg8 Nxe3 32. Qxh7 Rg2+ 33. Kh1 Rf2 34.
Kg1 Rxf3 35. Qg7+ Kf5 36. h5 Rg3+ 37. Qxg3 fxg3 38. h6 Kg6 39. Nc5 Kxh6 40. Nb7
Kh5 41. Nxa5 Kh4 0-1

[Event "Challenge"]
[Site "http://www.queenalice.com/game.php?id=332431"]
[Date "2008.1.7"]
[Round "-"]
[White "Clarck"]
[Black "danniel"]
[Result "0-1"]
[WhiteElo "1247"]
[BlackElo "1580"]

1. Nc3 e5 2. e4 c6 3. g3 Bc5 4. a3 Qf6 5. Nh3 d6 6. b4 Bd4 7. g4 h5 8. gxh5 Bxh3
9. Qe2 Qh4 10. Bxh3 Qxh3 11. d3 Bxc3+ 12. Bd2 Bxa1 13. Qe3 Qg2 14. Rf1 Bd4 15.
Qg3 Qxg3 16. fxg3 Rxh5 17. c3 Bb6 18. g4 Rxh2 19. Be3 Bxe3 20. Rf3 Bd2+ 21. Kf1
Nf6 22. Kg1 Rh4 23. Kf2 Nxg4+ 24. Kg3 Be1+ 25. Kg2 Na6 26. Rf1 Ne3+ 0-1

[Event "Challenge"]
[Site "http://www.queenalice.com/game.php?id=332551"]
[Date "2008.1.7"]
[Round "-"]
[White "criscapitao"]
[Black "Clarck"]
[Result "0-1"]
[WhiteElo "1276"]
[BlackElo "1298"]

1. e4 e5 2. c4 d6 3. b3 a5 4. f3 h5 5. d3 g6 6. h4 b6 7. a4 c5 8. Na3 Bh6 9. Kf2
f6 10. Nh3 g5 11. hxg5 fxg5 12. Kg1 Nc6 13. Nb5 g4 14. g3 Bxc1 15. Qxc1 gxh3 16.
Rxh3 Bxh3 17. Bxh3 Nf6 18. Qg5 Rg8 19. Qh6 Rb8 20. Rf1 Kf7 21. Qh7+ Nxh7 22. Bf5
Qg5 23. Rf2 Qxg3+ 24. Kf1 Rg7 25. Nxd6+ Kf6 26. Bd7 Rxd7 27. Nb5 Rxd3 28. Ke1
Rg8 29. Nd6 Rxf3 30. Kd1 Qxf2 31. Kc1 Rg1# 0-1

[Event "Challenge"]
[Site "http://www.queenalice.com/game.php?id=333860"]
[Date "2008.1.9"]
[Round "-"]
[White "Clarck"]
[Black "SueliFigueira"]
[Result "1-0"]
[WhiteElo "1263"]
[BlackElo "1177"]

1. e3 e5 2. c4 b6 3. a4 g5 4. g4 e4 5. Bg2 Bb7 6. b4 Bxb4 7. Bb2 f6 8. h3 Nh6 9.
Qb3 a5 10. Bc3 O-O 11. Ne2 Bxc3 12. Nexc3 f5 13. f4 Nc6 14. Nd5 Nf7 15. gxf5 h5
16. Bxe4 gxf4 17. exf4 Qh4+ 18. Ke2 Nd4+ 19. Kd3 Qg3+ 20. Kxd4 Qxb3 21. Ra3 Qg3
22. Rxg3+ Kh7 23. f6+ Kh6 24. Rhg1 Nd6 25. Rg6+ Kh7 26. R6g5+ Kh6 27. Rg7 Ba6
28. R1g6# 1-0

[Event "Challenge"]
[Site "http://www.queenalice.com/game.php?id=334493"]
[Date "2008.1.11"]
[Round "-"]
[White "samueneotaviano"]
[Black "Clarck"]
[Result "0-1"]
[WhiteElo "1323"]
[BlackElo "1265"]

1. d4 d5 2. f4 f5 3. h4 h5 4. b4 b5 5. a3 g6 6. c3 c6 7. e3 Nf6 8. g3 a6 9. Nh3
e6 10. Ng5 Ne4 11. Nxe4 fxe4 12. Bh3 Bd6 13. Bxe6 Bxe6 14. Qb3 Bg4 15. a4 bxa4
16. Rxa4 Qc8 17. Nd2 Bf3 18. Rh2 Qg4 19. Nf1 Qf5 20. Ba3 O-O 21. c4 dxc4 22.
Qxc4+ Qd5 23. Qxd5+ cxd5 24. Rc2 Nd7 25. Rc6 Rfc8 26. Raxa6 Rxa6 27. Rxc8+ Kf7
28. Kd2 Rxa3 29. Rb8 Nxb8 30. b5 Bb4+ 31. Kc2 Be2 32. Kb2 Bxf1 33. b6 Rxe3 34.
b7 Rxg3 35. Kc2 e3 36. Kc1 e2 37. Kb2 e1=Q 38. Kc2 Qd2+ 39. Kb1 Bd3+ 40. Ka1
Bc3# 0-1

[Event "Challenge"]
[Site "http://www.queenalice.com/game.php?id=334494"]
[Date "2008.1.11"]
[Round "-"]
[White "samueneotaviano"]
[Black "Clarck"]
[Result "1-0"]
[WhiteElo "1453"]
[BlackElo "1283"]

1. d4 d5 2. f4 f5 3. h4 h5 4. b4 b5 5. a3 a6 6. c3 Nf6 7. e3 c6 8. g3 g6 9. Nh3
e6 10. Ng5 Ng4 11. Bh3 Be7 12. Bxg4 hxg4 13. Nxe6 Bxe6 14. Ke2 a5 15. Nd2 axb4
16. cxb4 Ra4 17. Rb1 Na6 18. Qc2 Rh5 19. Nb3 Bd6 20. Qxc6+ Bd7 21. Qxd6 Nc7 22.
Qxg6+ Ke7 23. Qxh5 Ne8 24. Qh7+ Ke6 25. Nc5+ Kd6 26. Nxa4 bxa4 27. b5 Nf6 28.
Qg6 Be8 29. Qxf5 Qe7 30. Qc8 Ne4 31. Rg1 Nc3+ 32. Qxc3 Bg6 33. Rb4 Ke6 34. Rxa4
Be4 35. Ra6+ Kf7 36. Qc6 Bf3+ 37. Kf2 Be4 38. Qf6+ Qxf6 39. Rxf6+ Kxf6 40. b6
Kf5 41. b7 Bf3 42. b8=Q Ke4 43. a4 Kd3 44. a5 Be2 45. a6 Bf3 46. a7 1-0

[Event "Challenge"]
[Site "http://www.queenalice.com/game.php?id=334495"]
[Date "2008.1.11"]
[Round "-"]
[White "samueneotaviano"]
[Black "Clarck"]
[Result "0-1"]
[WhiteElo "1462"]
[BlackElo "1274"]

1. d4 d5 2. f4 f5 3. h4 h5 4. b4 b5 5. a3 a6 6. c3 e6 7. e3 Nf6 8. g3 c6 9. Nf3
g6 10. Ng5 Bh6 11. Nh3 Ng4 12. Nf2 Nxf2 13. Kxf2 a5 14. Nd2 axb4 15. cxb4 Ra4
16. Nf3 Nd7 17. Qc2 Bb7 18. Bd3 Nb6 19. Ne5 Nd7 20. Nxd7 Qxd7 21. Rh2 Ba6 22.
Qc5 Bf8 23. Qc3 Be7 24. Bc2 O-O 25. Bxa4 bxa4 26. Bd2 Bc4 27. Qc2 Ra8 28. Bc3
Bf6 29. Rb1 Ra7 30. Rc1 Bb3 31. Qb2 Qb7 32. Kf3 Kg7 33. Bd2 Bc4 34. Bc3 Kf7 35.
Rd1 Bb3 36. Rb1 Bc4 37. Be1 Bd3 38. Rd1 Be4+ 39. Kf2 Qb5 40. Qc3 Qc4 41. Qxc4
dxc4 42. Bc3 Bc2 43. Rd2 Bd3 44. Rb2 Rd7 45. Rh1 Ke8 46. b5 cxb5 47. Rxb5 Be7
48. Bb4 c3 49. Bxe7 Bxb5 50. Bc5 c2 51. Rc1 Bd3 52. Ke1 Rb7 53. Bb4 Rb5 54. Kd2
Be4 55. Kc3 Kd7 56. Kc4 Kc6 57. Rxc2 Bxc2 58. Bc5 Rb3 59. Be7 Bd3# 0-1

[Event "REIUSFENIX"]
[Site "http://www.queenalice.com/game.php?id=335707"]
[Date "2008.1.13"]
[Round "1"]
[White "Clarck"]
[Black "danniel"]
[Result "0-1"]
[WhiteElo "1276"]
[BlackElo "1642"]

1. d4 b6 2. b4 a5 3. c3 e6 4. f4 axb4 5. cxb4 Bxb4+ 6. Bd2 c5 7. dxc5 Bxc5 8. e3
Nf6 9. Nc3 Ba6 10. Bxa6 Nxa6 11. Nb5 Ne4 12. Nf3 Nb4 13. Qb3 d5 14. Bxb4 Bxe3
15. Qxe3 f5 16. Rc1 Rxa2 17. Rc7 Qf6 18. Bc3 Ra1+ 19. Bxa1 Qxa1+ 20. Ke2 Qb2+
21. Kd3 Qxb5+ 22. Kd4 O-O 23. Ne5 Qb4+ 24. Rc4 dxc4 25. Nxc4 Rd8+ 26. Ke5 Qxc4
27. Rd1 Rxd1 28. Qxb6 Rd5+ 29. Kxe6 Rd6+ 30. Ke5 Rxb6 31. Kxf5 Qe6# 0-1

[Event "Challenge"]
[Site "http://www.queenalice.com/game.php?id=336776"]
[Date "2008.1.15"]
[Round "-"]
[White "mmazzini"]
[Black "Clarck"]
[Result "0-1"]
[WhiteElo "1254"]
[BlackElo "1313"]

1. e4 e5 2. Nf3 d6 3. d4 exd4 4. Nxd4 c5 5. Nf3 Bg4 6. Be2 Nf6 7. e5 dxe5 8.
Qxd8+ Kxd8 9. O-O Be7 10. Nbd2 e4 11. h3 Bh5 0-1

[Event "Challenge"]
[Site "http://www.queenalice.com/game.php?id=338588"]
[Date "2008.1.18"]
[Round "-"]
[White "dotromundo"]
[Black "Clarck"]
[Result "1-0"]
[WhiteElo "1343"]
[BlackElo "1262"]

1. d4 e6 2. e4 d5 3. Nc3 Nf6 4. e5 Ne4 5. g3 f6 6. Nf3 fxe5 7. Nxe5 Nc6 8. Qh5+
g6 9. Nxg6 Nf6 10. Qh3 e5 11. g4 Nxg4 12. Nxh8 Nh6 13. Qh5+ Kd7 14. Bh3+ Kd6 15.
Nb5+ Ke7 16. Bg5# 1-0

[Event "danniel"]
[Site "http://www.queenalice.com/game.php?id=345234"]
[Date "2008.1.30"]
[Round "3"]
[White "ZUMBI"]
[Black "Clarck"]
[Result "1-0"]
[WhiteElo "1714"]
[BlackElo "1340"]

1. e4 d5 2. e5 Nc6 3. Bb5 a6 4. Ba4 b5 5. Bb3 Nxe5 6. d4 Nc6 7. Nf3 f6 8. Nc3 a5
9. a4 bxa4 10. Bxa4 Bd7 11. Nxd5 e6 12. Nf4 g5 13. d5 exd5 14. Nxd5 Be6 15.
Bxc6+ Kf7 16. O-O Ra6 17. Be8+ Kxe8 18. Re1 Qxd5 19. Nd4 Ne7 20. b4 Nc6 21. Bb2
Bxb4 22. Rxe6+ Be7 23. Qe2 Nxd4 24. Rxe7+ Kd8 25. Bxd4 Qxd4 26. Rd1 Qxd1+ 27.
Qxd1+ Kxe7 28. g4 Rd8 29. Qe2+ Kf7 30. Qxa6 Kg6 31. Qxa5 Rd1+ 32. Kg2 c6 33.
Qf5+ Kg7 34. c4 h6 35. Qc5 Rd3 36. Qxc6 Rd4 37. h3 Kf7 38. Qc7+ Ke6 39. Qc8+ Ke5
40. Qc5+ Ke4 41. Qe7+ Kd3 42. c5 Re4 43. Qxf6 Ke2 44. Qf3+ Kd2 45. Qxe4 Kc3 46.
c6 1-0

[Event "REIUSFENIX"]
[Site "http://www.queenalice.com/game.php?id=354592"]
[Date "2008.2.15"]
[Round "2"]
[White "Clarck"]
[Black "Andre2000"]
[Result "1-0"]
[WhiteElo "1403"]
[BlackElo "1380"]

1. Nf3 e6 2. c3 Nh6 3. h3 Qf6 4. e4 Nc6 5. b4 Bd6 6. d4 e5 7. Bg5 Qe6 8. d5 Qg6
9. h4 Nb8 10. Bd3 c6 11. h5 Ng4 12. hxg6 fxg6 13. Nh4 b5 14. Qxg4 h5 15. Qf3 Rf8
16. Qg3 c5 17. bxc5 Bxc5 18. Qxe5+ Kf7 19. d6 Na6 20. Bc2 Re8 21. Bb3+ Re6 22.
Qf4+ Kg8 23. Bxe6+ dxe6 24. Be7 Bb7 25. Qe5 Re8 26. Nxg6 Nb8 27. Qxh5 Kf7 28.
Ne5+ Kg8 29. Qxe8# 1-0

[Event "Challenge"]
[Site "http://www.queenalice.com/game.php?id=363510"]
[Date "2008.2.29"]
[Round "-"]
[White "JD"]
[Black "Clarck"]
[Result "0-1"]
[WhiteElo "1482"]
[BlackElo "1418"]

1. e4 e5 2. Nc3 Nf6 3. Nh3 h6 4. Qf3 b6 5. Nd5 d6 6. Nxf6+ gxf6 7. Qb3 a6 8. Bc4
Be6 9. Bxe6 fxe6 10. Qxe6+ Be7 11. O-O Rh7 12. Qg8+ Bf8 13. Qxh7 Nc6 14. Qg6+
Ke7 15. Qh7+ Ke6 16. f4 Qe7 17. Qf5+ Kf7 0-1

[Event "Challenge"]
[Site "http://www.queenalice.com/game.php?id=368141"]
[Date "2008.3.9"]
[Round "-"]
[White "Clarck"]
[Black "rafajeff"]
[Result "0-1"]
[WhiteElo "1439"]
[BlackElo "1578"]

1. d3 h5 2. h4 e6 3. Nc3 Be7 4. g3 f6 5. Nf3 b6 6. e4 Bb7 7. b4 Bxb4 8. Bd2 f5
9. e5 Bc6 10. a3 Be7 11. Bg5 d6 12. Bxe7 Nxe7 13. d4 a6 14. Ng5 Bxh1 15. Bd3
Nbc6 16. f3 Nxd4 17. Kd2 dxe5 18. Qxh1 f4 19. gxf4 exf4 20. Qe1 Rh6 21. Qe5 Rf6
22. Nce4 Nec6 23. Nxe6 Nxe5 24. Nxd8 Ndxf3+ 25. Ke2 Rxd8 26. Nxf6+ Kf7 27. Nxh5
Nd4+ 28. Ke1 Re8 29. Nxf4 Nxd3+ 30. Kd2 Nxf4 31. c3 Re2+ 32. Kd1 Nb3 33. Rb1
Rd2+ 34. Ke1 Nd3+ 35. Kf1 Nbc5 36. Kg1 Rb2 37. Rf1+ Kg8 38. h5 a5 39. Rf3 Ne1
40. Rf5 Ra2 41. Kf1 Ned3 42. Rg5 Rh2 43. Kg1 Rh4 44. Kg2 Ne4 45. Rd5 Nf4+ 46.
Kf3 Nxd5 47. c4 Nd2+ 48. Kg3 Rxh5 49. cxd5 Rxd5 50. Kf2 g5 51. Kg3 Rd3+ 0-1

[Event "REIUSFENIX"]
[Site "http://www.queenalice.com/game.php?id=403066"]
[Date "2008.5.14"]
[Round "4"]
[White "holandes"]
[Black "Clarck"]
[Result "1-0"]
[WhiteElo "1931"]
[BlackElo "1429"]

1. e4 e5 2. a3 Nc6 3. Nc3 Nf6 4. d3 d6 5. h3 a6 6. Nf3 Be6 7. Be2 Nd4 8. Nxd4
exd4 9. Na2 h6 10. O-O c5 11. c3 dxc3 12. Nxc3 g5 13. f4 d5 14. e5 Nd7 15. f5
Bxf5 16. Rxf5 d4 17. Nd5 Bg7 18. Bf3 f6 19. e6 Ne5 20. Qe2 O-O 21. e7 Qd7 22.
exf8=Q+ Rxf8 23. Bd2 Re8 24. Re1 Qxf5 25. Kh2 Qd7 26. b3 Qf5 27. Be4 Qd7 28. Qf2
Rf8 29. Nb6 Qd6 30. Nc4 Nxc4+ 31. Kg1 Ne5 32. b4 b6 33. Rb1 a5 34. Qf5 axb4 35.
axb4 cxb4 36. Bxb4 Qd7 37. Qh7+ Kf7 38. Bf5 Rh8 39. Qxh8 Bxh8 40. Bxd7 Nxd7 41.
Bd6 Ke6 42. Bc7 Nc5 43. Rxb6+ Kd7 44. Bb8 Nxd3 45. Rd6+ Kc8 46. Rxd4 Nb2 47. Bd6
f5 48. Rd2 Kd7 49. Be5+ Ke6 50. Bxh8 Nc4 51. Re2+ Kd5 52. Bg7 h5 53. Bh6 g4 54.
hxg4 fxg4 55. g3 Nd6 56. Rd2+ Ke6 57. Bf4 Ne4 58. Re2 Kf5 59. Kf1 Nc3 60. Re5+
Kg6 61. Rg5+ Kh6 62. Rc5+ Kg6 63. Rxc3 1-0

[Event "Challenge"]
[Site "http://www.queenalice.com/game.php?id=408243"]
[Date "2008.5.26"]
[Round "-"]
[White "Clarck"]
[Black "danihel"]
[Result "0-1"]
[WhiteElo "1427"]
[BlackElo "1654"]

1. e4 e5 2. Nc3 c6 3. h3 a6 4. a3 Qf6 5. Qf3 d6 6. Qxf6 Nxf6 7. g4 g5 8. Bc4 b5
9. Bd3 h5 10. f3 hxg4 11. fxg4 Be6 12. Nf3 Bg7 13. Nxg5 Nxg4 14. Rg1 Nf6 15. b4
Rh5 16. Be2 Rh6 17. Bg4 Bxg4 18. hxg4 d5 19. d3 d4 20. Nf3 Rh3 21. Ng5 Rh2 22.
Ne2 Bh6 23. Nf3 Be3 24. Bxe3 dxe3 25. Nxh2 a5 26. g5 Ng8 27. bxa5 Rxa5 28. Ng4
b4 29. Nxe5 Rxa3 30. Rxa3 bxa3 31. Ng4 a2 32. Nxe3 a1=Q+ 33. Kf2 Qa7 34. d4 Qe7
35. Ng3 Qxg5 36. Ngf5 Qf4+ 37. Ke2 Kf8 38. Ng2 Qxe4+ 39. Nfe3 Qxd4 40. Ne1 Nf6
41. Nf3 Qb2 42. Ng5 Nbd7 43. Nf3 Nc5 44. Rg5 Nce4 45. Re5 Nc3+ 46. Kd3 Qb4 47.
Rf5 Nfe4 48. Ne5 Qd6+ 49. Kc4 c5 50. Rxf7+ Kg8 51. N3g4 Qd4+ 52. Kb3 Qb4# 0-1